<Das> Leben mit dem Silber <Die> Bergbauregion Schwaz in der Frühen Neuzeit

Saved in:
Bibliographic Details
Main Author: Strobl, Philipp Luis
Format: Book
Language:German
Published: München m-press 2011
Series:Forum Europäische Geschichte 9
Subjects:
Tags: Add Tag
No Tags, Be the first to tag this record!

MARC

LEADER 00000nam a2200000 4500
001 0146471
005 20240502083337.6
020 |a 978-3-89975-739-2 
041 0 |a ger 
044 |a DE 
245 1 0 |a <Das> Leben mit dem Silber  |b <Die> Bergbauregion Schwaz in der Frühen Neuzeit  |c Philipp Strobl 
264 1 |a München  |b m-press  |c 2011 
300 |a 167 s. [10,119 AH] 
490 1 |a Forum Europäische Geschichte  |v 9 
830 0 |a Forum Europäische Geschichte  |v 9 
610 2 0 |a baníctvo 
610 2 0 |a bane 
610 2 0 |a ťažba surovín 
610 2 0 |a rudy 
610 2 0 |a striebro 
610 2 0 |a kovy vzácne 
610 2 0 |a história 
610 2 0 |a regióny 
610 2 0 |a rozvoj hospodársky 
610 2 0 |a rozvoj sociálny 
610 2 0 |a obyvateľstvo 
610 2 0 |a pracovníci 
610 2 0 |a úroveň životná 
610 2 0 |a podmienky životné 
610 2 0 |a podmienky pracovné 
610 2 0 |a Rakúsko 
100 1 |a Strobl, Philipp Luis